Statistics for Marching Band Instruments

Click here to take the quiz!

General Stats

  • This quiz has been taken 1,193 times
    (146 since last reset)
  • The average score is 14 of 20

Answer Stats

Section Answer % Correct
BrassTrumpet
98%
WoodwindBb Clarinet
95%
WoodwindFlute
93%
BrassTrombone
93%
PercussionSnare Drum
88%
BrassMellophone
88%
Brass*Marching Tuba
87%
PercussionBass Drum
82%
PercussionTenor Drums
77%
WoodwindAlto Saxophone
72%
BrassBaritone
72%
WoodwindPiccolo
68%
WoodwindTenor Saxophone
67%
WoodwindBaritone Saxophone
63%
Woodwind*Bass Clarinet
61%
BrassSousaphone
55%
PercussionCymbals
52%
Woodwind*Soprano Saxophone
44%
Brass*Bass Trombone
33%
PercussionGlockenspiel/Bells
28%

Score Distribution

Percentile by Number Answered

Percent of People with Each Score

Your Score History

You have not taken this quiz since the last reset